Bộ sách xây dựng kế hoạch marketing hoàn hảo : Dành riêng cho doanh nghiệp Việt Nam T.2

Triển khai nội dung hướng dẫn doanh nghiệp tiến hành trình tự các bước trong quy trình lập kế hoạch marketing từ xác định mục tiêu bán hàng, thị trường mục tiêu, mục tiêu marketing, định dạng thương hiệu, đến việc đưa ra chiến lược marketing...

وصف كامل

محفوظ في:
التفاصيل البيبلوغرافية
المؤلف الرئيسي: Nguyễn, Hoàng Phương
التنسيق: كتاب
اللغة:Undetermined
منشور في: H. Thông tin và Truyền thông 2012
الموضوعات:
الوصول للمادة أونلاين:http://lrc.tdmu.edu.vn/opac/search/detail.asp?aID=2&ID=30559
الوسوم: إضافة وسم
لا توجد وسوم, كن أول من يضع وسما على هذه التسجيلة!
Thư viện lưu trữ: Trung tâm Học liệu Trường Đại học Thủ Dầu Một
LEADER 01280nam a2200229Ia 4500
001 TDMU_30559
008 210410s9999 xx 000 0 und d
082 |a 331.110959774 
090 |b NG527 
100 |a Nguyễn, Hoàng Phương 
245 0 |a Bộ sách xây dựng kế hoạch marketing hoàn hảo : Dành riêng cho doanh nghiệp Việt Nam 
245 0 |c Nguyễn Hoàng Phương 
245 0 |n T.2 
245 0 |p Lập kế hoạch Marketing 
260 |a H. 
260 |b Thông tin và Truyền thông 
260 |c 2012 
300 |a 404tr. 
520 |a Triển khai nội dung hướng dẫn doanh nghiệp tiến hành trình tự các bước trong quy trình lập kế hoạch marketing từ xác định mục tiêu bán hàng, thị trường mục tiêu, mục tiêu marketing, định dạng thương hiệu, đến việc đưa ra chiến lược marketing, chiến lược sản phẩm, định giá sản phẩm, phân phối, quảng cáo... 
650 |a Doanh nghiệp  |x Tiếp thị  |x Kế hoạch 
856 |u http://lrc.tdmu.edu.vn/opac/search/detail.asp?aID=2&ID=30559 
980 |a Trung tâm Học liệu Trường Đại học Thủ Dầu Một